| 000 | 00931nam a2200349 a 4500 | ||
|---|---|---|---|
| 003 | AR-BaBNM | ||
| 005 | 20251128204743.0 | ||
| 008 | 082120s2002 ||||||||||||||000 | spa|| | ||
| 020 | _a950-581-039-5 | ||
| 040 | _cAR-BaBNM | ||
| 100 | 1 | _aLaferrère, Gregorio de | |
| 245 | 0 | 0 | _aLas de Barranco |
| 250 | _a1ª ed. | ||
| 260 |
_aBuenos Aires _bColihue _c1993 |
||
| 300 | _a132 p. | ||
| 490 | 0 |
_aLeer y crear _vv. 39 |
|
| 500 | _aContiene índice general | ||
| 500 | _aPropuestas de trabajo para los alumnos | ||
| 500 | _aBiografía del autor | ||
| 504 | _aBibliografía del autor y de la obra | ||
| 650 | 4 | _aLITERATURA ARGENTINA | |
| 650 | 4 | _aTEATRO | |
| 650 | 4 | _aCOMEDIA | |
| 653 | _aEDUCACION SECUNDARIA | ||
| 653 | _aCOSTUMBRISMO | ||
| 653 | _aCRITICA SOCIAL | ||
| 655 | _aLITERATURA | ||
| 700 | 1 | _aSisca de Viale, Cristina | |
| 800 | 1 |
_aPetruzzi, Herminia _edirector |
|
| 942 | _cBK | ||
| 998 | _cisola | ||
| 999 |
_c8682 _d8682 |
||